[Event "FAI-ch Open 2021"]
[Site "Klaksvik"]
[Date "2021.03.30"]
[Round "4.7"]
[White "Rose, Kenneth T"]
[Black "Funningstovu, Brandur I"]
[Result "1/2-1/2"]
[WhiteElo "1996"]
[BlackElo "1311"]
[Annotator "TA"]
[PlyCount "96"]
[EventDate "2021.03.27"]
[EventType "swiss"]
[EventCountry "FAI"]
[SourceTitle "playchess.com"]
[Source "ChessBase"]
[SourceQuality "1"]

{[%evp 10,96,29,18,12,0,12,0,11,2,9,-13,35,23,24,-47,-16,-39,0,-41,-1,-61,0,-52,-44,-94,-20,-56,143,70,142,71,94,70,66,57,53,47,58,-89,124,-167,-150,-114,-104,-152,-91,-129,-117,-108,-80,-71,6,-69,-61,-83,-10,-363,0,0,0,-971,-970,-1356,-1296,-1034,-509,-943,-339,-276,0,-414,-186,-193,-202,-196,-66,-95,0,0,0,-146,0,-3,0,-124,0,0,0]} 1. e4 e6 2. Nf3 d5 3. exd5 exd5 4. d4 Nf6 5. Bd3 Be7 6. h3 O-O {C01: French: Exchange Variation.} 7. Be3 b6 8. c3 {[#]} Bb7 $146 ({Predecessor:} 8... Ba6 9. Bxa6 Nxa6 10. Qd3 Nb8 11. Nbd2 Nbd7 12. O-O Bd6 13. c4 c6 14. cxd5 Nxd5 {½-½ (28) Flores Munoz,D (1900)-Fernandez,L (1780) Canovelles 1999}) 9. Nbd2 Nbd7 10. Qc2 a6 11. O-O-O c5 12. dxc5 (12. h4 $11) 12... bxc5 $15 13. c4 a5 14. Rhe1 a4 15. Bf4 (15. cxd5 $11 a3 16. bxa3) 15... Re8 (15... d4 $15) 16. Nb1 (16. cxd5 $11 Bxd5 17. Nc4) 16... Bf8 17. Nc3 a3 (17... Rxe1 $17 18. Rxe1 dxc4 19. Bxc4 Nb6) 18. b3 Bc6 $2 (18... Rxe1 $15 {stays ahead.} 19. Rxe1 dxc4 20. Bxc4 Bxf3 21. gxf3 Nb6) 19. cxd5 (19. Rxe8 $16 Qxe8 20. cxd5) 19... Bb7 (19... Rxe1 $1 $14 20. Nxe1 (20. Rxe1 Bb7 $16) 20... Bb7) 20. Bg5 (20. Rxe8 $142 Qxe8 21. Nb5) 20... Qa5 21. Bxf6 Nxf6 22. Bc4 g6 23. Kb1 Bg7 24. d6 (24. Qd2 $14) 24... Nd7 $2 (24... Bxf3 $17 {stays on course.} 25. gxf3 Rxe1 26. Rxe1 Ne8) 25. Nb5 $2 {[%mdl 8192]} (25. Ne4 $16 {and life is bright. Hoping for Bxf7+!} h6 26. Bxf7+ Kh8 27. Bxe8 Rxe8 28. Ned2) 25... Rxe1 $19 26. Nxe1 Re8 27. Nf3 Be4 (27... Qd8 $142 $1 28. Kc1 Qf6) 28. Bd3 $17 Bxd3 $1 29. Qxd3 Rb8 30. Nc7 Qa4 (30... c4 $1 $17 {[%cal Rc4d3]} 31. Qxc4 Ne5) 31. Rc1 ({White should try} 31. Qe3 $11) 31... Qf4 $40 {[%mdl 1152] And now ...Qf6 would win. Black has compensation. White needs to defend precisely.} 32. Kc2 Qf6 (32... Bh6 $17 {[%csl Gh6][%cal Rf4c1]} 33. Re1 Qf6) 33. Rb1 {[%mdl 8192]} (33. Kd1 $11) 33... Qf4 $2 ({Black should play} 33... c4 $1 $19 {[%cal Rc4d3]} 34. Qxc4 Ne5 35. Nxe5 Qxf2+ {[%mdl 64] Double Attack} 36. Kd3 Bxe5) 34. g3 Qf6 {Threatens to win with ...c4!} 35. h4 $2 {[%mdl 8192]} (35. Nd2 $11) 35... c4 $19 36. Qe3 Qf5+ 37. Kc1 {[#]} Bh6 $1 {[%mdl 512]} 38. Qxh6 (38. Ng5 $142 Nc5 39. g4 Qxg4 40. Nd5 (40. Qxc5 $2 Qxh4 41. Qe5 Bxg5+ 42. Kd1 Bf4 $19) 40... Qxh4 41. Ne7+ Kg7 42. f4 Bxg5 43. fxg5 Qh1+ 44. Kc2 cxb3+ 45. axb3 Qh2+ {[%mdl 64] Double Attack} 46. Qd2 Qxd2+ 47. Kxd2) 38... Qxf3 $2 (38... cxb3 39. axb3 a2) 39. Qe3 Qf6 (39... Qc6 $19 {( -> ...cxb3+)} 40. b4 Qxd6) 40. Kc2 {[%mdl 8192]} (40. Nd5 $11 {and White is okay.} Qxd6 41. bxc4) 40... cxb3+ (40... Qxd6 $142 41. bxc4 Rxb1 42. Kxb1 Qxc7) 41. Rxb3 Rxb3 ({Stronger than} 41... Qxd6 42. Rxb8+ Nxb8 43. Qe8+ Qf8 44. Kb3 $16) 42. Qxb3 Qxd6 (42... Qxf2+ $19 43. Kd1 Qd4+ 44. Kc1 Qc5+ 45. Qc2 Qe5) 43. Qc3 {[#]} Qe7 (43... Nf6 $1 $17) 44. Nd5 $11 Qe2+ 45. Kb3 {[#]} (45. Qd2 $1 $11 Qe5 46. Kb3) 45... Qd1+ ({Of course not} 45... Qxf2 $6 46. Ne7+ Kf8 47. Nd5 $11) (45... Qb5+ $1 $17 46. Nb4 Nc5+ 47. Kc2 Qa4+ 48. Kb1 Qd1+ 49. Qc1 Qe2 50. Qxa3 Qxf2) 46. Kc4 Qa4+ 47. Qb4 (47. Nb4 $1 $11) 47... Ne5+ ({Better is} 47... Qc2+ $17 48. Nc3 Qxf2) 48. Kc3 Qc6+ {[%mdl 64] Double Attack. White happily takes the draw.  Weighted Error Value: White=1.03/Black=0.88} 1/2-1/2

[Event "FAI-ch Open 2021"]
[Site "Klaksvik"]
[Date "2021.03.31"]
[Round "5.1"]
[White "Skaale, Janus"]
[Black "Gregersen, Hedin"]
[Result "1-0"]
[WhiteElo "1809"]
[BlackElo "1842"]
[Annotator "NA RC"]
[PlyCount "61"]
[EventDate "2021.03.27"]
[EventType "swiss"]
[EventCountry "FAI"]
[SourceTitle "playchess.com"]
[Source "ChessBase"]
[SourceQuality "1"]
[TimeControl "40/5400+30:900+30"]

1. e4 {[%emt 0:00:00]} d6 {[%emt 0:00:00]} 2. d4 {[%emt 0:00:00]} Nf6 {[%emt 0:00:00]} 3. Nc3 {[%emt 0:00:27]} g6 {[%emt 0:00:00]} 4. Be3 {[%emt 0:00:46]} a6 {[%emt 0:00:03]} 5. h3 {[%emt 0:01:26]} Bg7 {[%emt 0:03:02]} 6. f4 {[%emt 0:01:14]} b5 {[%emt 0:03:09]} 7. e5 {[%emt 0:01:52]} dxe5 {[%emt 0:06:49]} 8. dxe5 {[%emt 0:01:50]} Nfd7 {[%emt 0:02:44]} 9. Qf3 {[%emt 0:22:21]} c6 {[%emt 0:01:40]} 10. Bd3 {[%emt 0:02:19]} Bb7 {[%emt 0:18:10]} 11. Nge2 {[%emt 0:09:19]} Nb6 {[%emt 0:09:19]} 12. O-O-O {[%emt 0:09:57]} Qc7 {[%emt 0:08:29]} 13. Be4 {[%emt 0:01:10]} O-O {[%emt 0:15:43]} 14. Nd4 {[%emt 0:07:52]} Nc4 {[%emt 0:01:24]} 15. Bf2 {[%emt 0:01:27]} a5 {[%emt 0:02:13]} 16. Ndxb5 {[%emt 0:01:31]} Qc8 {[%emt 0:08:47]} 17. b3 {[%emt 0:03:32]} Nxe5 {[%emt 0:02:20]} 18. fxe5 {[%emt 0:00:53]} Nd7 {[%emt 0:00:18]} 19. Nd4 {[%emt 0:08:44]} Nxe5 {[%emt 0:00:38]} 20. Qe3 {[%emt 0:02:57]} a4 {[%emt 0:01:50]} 21. Nxa4 {[%emt 0:01:48]} Nc4 {[%emt 0:07:32]} 22. Qe2 {[%emt 0:02:02]} Bh6+ {[%emt 0:01:42]} 23. Kb1 {[%emt 0:00:31]} Rxa4 {[%emt 0:00:11]} 24. bxa4 {[%emt 0:00:26]} Ba6 {[%emt 0:01:19]} 25. Bd3 {[%emt 0:01:23]} Qb7+ {[%emt 0:00:25]} 26. Nb3 {[%emt 0:00:16]} Na3+ {[%emt 0:01:14]} 27. Kb2 {[%emt 0:00:59]} Bg7+ {[%emt 0:00:12]} 28. Kxa3 {[%emt 0:06:25]} Bc3 {[%emt 0:03:09]} 29. Bc5 {[%emt 0:00:28]} Ra8 {[%emt 0:00:35]} 30. Bxa6 {[%emt 0:01:10]} Rxa6 {[%emt 0:00:11]} 31. Qc4 {[%emt 0:00:28]} 1-0

[Event "FAI-ch Open 2021"]
[Site "Klaksvik"]
[Date "2021.03.31"]
[Round "5.2"]
[White "Joensen, Henrik W."]
[Black "Morkore, Rogvi"]
[Result "1-0"]
[WhiteElo "1535"]
[BlackElo "1685"]
[Annotator "NA RC"]
[PlyCount "93"]
[EventDate "2021.03.27"]
[EventType "swiss"]
[EventCountry "FAI"]
[SourceTitle "playchess.com"]
[Source "ChessBase"]
[SourceQuality "1"]
[TimeControl "40/5400+30:900+30"]

1. e4 {[%emt 0:01:08]} e6 {[%emt 0:00:00]} 2. d4 {[%emt 0:00:10]} d5 {[%emt 0:00:00]} 3. exd5 {[%emt 0:01:17]} exd5 {[%emt 0:00:00]} 4. c4 {[%emt 0:00:32]} Nf6 {[%emt 0:00:25]} 5. Nf3 {[%emt 0:00:26]} Bb4+ {[%emt 0:01:29]} 6. Nc3 {[%emt 0:06:14]} O-O {[%emt 0:00:50]} 7. Be2 {[%emt 0:01:26]} dxc4 {[%emt 0:03:13]} 8. O-O {[%emt 0:01:28]} Nc6 {[%emt 0:03:26]} 9. Bxc4 {[%emt 0:04:54]} Bg4 {[%emt 0:00:42]} 10. a3 {[%emt 0:16:28]} Bxf3 {[%emt 0:13:47]} 11. gxf3 {[%emt 0:08:20]} Bd6 {[%emt 0:05:02]} 12. f4 {[%emt 0:07:37]} Qd7 {[%emt 0:03:55]} 13. f3 {[%emt 0:12:13]} Rad8 {[%emt 0:05:52]} 14. Ne4 {[%emt 0:03:59]} Nxe4 {[%emt 0:02:37]} 15. fxe4 {[%emt 0:00:24]} Bc5 {[%emt 0:01:36]} 16. Be3 {[%emt 0:00:49]} Bxd4 {[%emt 0:01:22]} 17. Bxd4 {[%emt 0:04:16]} Qxd4+ {[%emt 0:02:36]} 18. Qxd4 {[%emt 0:00:16]} Nxd4 {[%emt 0:00:59]} 19. Rac1 {[%emt 0:02:27]} c5 {[%emt 0:11:22]} 20. Kf2 {[%emt 0:03:58]} Rfe8 {[%emt 0:04:43]} 21. Bd5 {[%emt 0:02:23]} b6 {[%emt 0:00:12]} 22. Rfd1 {[%emt 0:05:04]} Rb8 {[%emt 0:15:41]} 23. b4 {[%emt 0:01:18]} Rec8 {[%emt 0:00:23]} 24. a4 {[%emt 0:01:21]} Kf8 {[%emt 0:02:18]} 25. Ke3 {[%emt 0:01:33]} Ke7 {[%emt 0:01:18]} 26. f5 {[%emt 0:01:37]} g6 {[%emt 0:02:08]} 27. fxg6 {[%emt 0:00:22]} hxg6 {[%emt 0:00:18]} 28. e5 {[%emt 0:01:34]} Nf5+ {[%emt 0:02:00]} 29. Kf4 {[%emt 0:01:37]} cxb4 {[%emt 0:00:33]} 30. Rb1 {[%emt 0:01:59]} a5 {[%emt 0:01:17]} 31. Re1 {[%emt 0:01:05]} Rc2 {[%emt 0:01:16]} 32. e6 {[%emt 0:01:25]} f6 {[%emt 0:02:09]} 33. Rg1 {[%emt 0:00:53]} Rf2+ {[%emt 0:01:29]} 34. Ke4 {[%emt 0:00:27]} Rh8 {[%emt 0:01:40]} 35. Bb3 {[%emt 0:01:45]} Rh4+ {[%emt 0:02:13]} 36. Kd5 {[%emt 0:00:22]} Rd2+ {[%emt 0:00:52]} 37. Kc6 {[%emt 0:00:51]} Rd6+ {[%emt 0:00:47]} 38. Kb7 {[%emt 0:00:56]} g5 {[%emt 0:05:22]} 39. Rbc1 {[%emt 0:00:18]} Rh8 {[%emt 0:01:48]} 40. Rc7+ {[%emt 0:00:00]} Kf8 {[%emt 0:00:00]} 41. Rf1 {[%emt 0:04:59]} Ne7 {[%emt 0:12:30]} 42. Rxf6+ {[%emt 0:00:42]} Ke8 {[%emt 0:00:16]} 43. Rf7 {[%emt 0:02:08]} Nd5 {[%emt 0:01:25]} 44. Rc8+ {[%emt 0:01:20]} Rd8 {[%emt 0:00:03]} 45. Bxd5 {[%emt 0:01:58]} Rxc8 {[%emt 0:00:23]} 46. Kxc8 {[%emt 0:00:19]} Rh7 {[%emt 0:00:28]} 47. Bc6# 1-0

[Event "FAI-ch Open 2021"]
[Site "Klaksvik"]
[Date "2021.03.31"]
[Round "5.3"]
[White "Olsen, Kaj"]
[Black "Christiansen, Esbern"]
[Result "0-1"]
[WhiteElo "1677"]
[BlackElo "1775"]
[Annotator "NA"]
[PlyCount "44"]
[EventDate "2021.03.27"]
[EventType "swiss"]
[EventCountry "FAI"]
[SourceTitle "playchess.com"]
[Source "ChessBase"]
[SourceQuality "1"]
[TimeControl "40/5400+30:900+30"]

1. e4 {[%emt 0:00:00]} e6 {[%emt 0:00:00]} 2. d4 {[%emt 0:00:00]} d5 {[%emt 0:00:00]} 3. Nc3 {[%emt 0:00:06]} dxe4 {[%emt 0:00:00]} 4. Nxe4 {[%emt 0:00:24]} Nf6 {[%emt 0:00:02]} 5. Bd3 {[%emt 0:03:00]} Nc6 {[%emt 0:01:38]} 6. Nf3 {[%emt 0:01:19]} b6 {[%emt 0:01:07]} 7. Nxf6+ {[%emt 0:01:14]} gxf6 {[%emt 0:00:20]} 8. Bf4 {[%emt 0:07:41]} Bb7 {[%emt 0:01:06]} 9. Qd2 {[%emt 0:02:41]} Qd7 {[%emt 0:10:00]} 10. c3 {[%emt 0:02:25]} O-O-O {[%emt 0:02:41]} 11. O-O-O {[%emt 0:00:09]} Be7 {[%emt 0:03:56]} 12. Be4 {[%emt 0:14:38]} f5 {[%emt 0:06:05]} 13. Bd3 {[%emt 0:01:24]} Rhg8 {[%emt 0:01:12]} 14. Rhg1 {[%emt 0:00:48]} f6 {[%emt 0:02:27]} 15. Rde1 {[%emt 0:01:04]} Na5 {[%emt 0:01:36]} 16. Qe2 {[%emt 0:06:39]} e5 {[%emt 0:05:59]} 17. Nh4 {[%emt 0:07:37]} Kb8 {[%emt 0:02:55]} 18. Bb5 {[%emt 0:07:00]} Qd5 {[%emt 0:24:20]} 19. dxe5 {[%emt 0:06:11]} Qxa2 {[%emt 0:02:02]} 20. Nxf5 {[%emt 0:01:05]} Ba3 {[%emt 0:03:30]} 21. Ba4 {[%emt 0:04:08]} Qa1+ {[%emt 0:00:34]} 22. Kc2 {[%emt 0:02:04]} Qxb2# {[%emt 0:00:11]} 0-1

[Event "FAI-ch Open 2021"]
[Site "Klaksvik"]
[Date "2021.03.31"]
[Round "5.4"]
[White "Danielsen, Andrias"]
[Black "Gregersen, Einar"]
[Result "1/2-1/2"]
[WhiteElo "1911"]
[BlackElo "1766"]
[Annotator "TA"]
[PlyCount "76"]
[EventDate "2021.03.27"]
[EventType "swiss"]
[EventCountry "FAI"]
[SourceTitle "playchess.com"]
[Source "ChessBase"]
[SourceQuality "1"]

{[%evp 15,76,18,30,16,26,23,13,0,19,-16,60,57,184,181,206,214,208,197,212,211,195,194,190,191,291,292,291,283,300,236,310,308,327,310,398,368,480,422,554,462,479,464,429,22,24,22,13,16,25,34,254,0,0,0,0,-136,-127,-152,-136,-136,-136,-136,-42]} 1. d4 Nf6 2. c4 g6 3. g3 Bg7 4. Bg2 O-O 5. Nc3 d6 6. Nf3 Nc6 7. O-O Bf5 8. d5 Na5 9. b3 {E62: King's Indian: Fianchetto: 6...c6 and Panno Variation (6...Nc6) without ...a6.} Ne4 10. Nxe4 Bxa1 11. Nd4 $1 {[#] The position is equal.} Bxe4 $146 ({Predecessor:} 11... c5 12. Nxf5 gxf5 13. Ng5 Bg7 14. e4 h6 15. Nh3 e6 16. exf5 exf5 17. Qd3 Re8 18. Qxf5 {½-½ (41) Aslan,D (1709)-Caglar,A (2093) Antalya 2019}) 12. Bxe4 (12. Bh6 $5 {[%cal Rd1a1]} e5 13. dxe6 Bxg2 14. Qxa1 fxe6 15. Kxg2 $11 (15. Nxe6 Qe7 $11)) 12... Bxd4 ({Better is} 12... c5 $1 $11 13. dxc6 Nxc6 14. Nxc6 bxc6) 13. Qxd4 $14 e5 (13... c5 $14 14. Qd3 b6) 14. dxe6 $1 $18 fxe6 15. Bb2 {[%csl Gb2][%cal Rd4g7]} Kf7 16. Qg7+ $40 {[%mdl 128] White is out for blood.} ({Don't do} 16. Qc3 $6 Nc6 $16) 16... Ke8 17. Qxh7 Qe7 18. Qxg6+ ({Much less strong is} 18. Bxg6+ $6 Kd7 $16) 18... Kd7 19. Rd1 Qf7 (19... Nc6 {might work better.} 20. Qh6 a5) 20. Qxf7+ Rxf7 21. h4 Ke7 22. f4 Rg8 {aiming for ...Rxf4.} 23. Kh2 Nc6 24. Kh3 Rff8 25. e3 Nd8 26. g4 c6 27. Ba3 Nf7 28. g5 Rd8 29. h5 $2 (29. Bb2 $18) 29... Rxg5 $1 $11 30. fxg5 Nxg5+ 31. Kh4 Nxe4 {[%mdl 4096] Endgame KRB-KRN} 32. Rg1 Kf6 $2 {[#]} (32... e5 $14) 33. h6 $2 (33. Rg4 $1 $18 {[%cal Rg4e4]}) 33... Rh8 34. Kh5 {Black must now prevent Rg4.} e5 $1 35. Rf1+ (35. Rg7 $11 {keeps the balance.}) 35... Ke6 {And now ...Ng3+ would win.} 36. Rf3 Nf6+ {Black is clearly better.} 37. Rxf6+ Kxf6 38. Bxd6 {[#]} a6 {Black used his chance.  Weighted Error Value: White=0.52/Black=0.47} (38... Rd8 $1 $17 {[%cal Rd8d6]} 39. c5 e4) 1/2-1/2

[Event "FAI-ch Open 2021"]
[Site "Klaksvik"]
[Date "2021.03.31"]
[Round "5.5"]
[White "Tummasarson, Flovin M."]
[Black "Joensen, Jakup F."]
[Result "1-0"]
[WhiteElo "1743"]
[BlackElo "1690"]
[Annotator "NA RC"]
[PlyCount "105"]
[EventDate "2021.03.27"]
[EventType "swiss"]
[EventCountry "FAI"]
[SourceTitle "playchess.com"]
[Source "ChessBase"]
[SourceQuality "1"]
[TimeControl "40/5400+30:900+30"]

1. e4 {[%emt 0:00:00]} Nc6 {[%emt 0:00:00]} 2. Nf3 {[%emt 0:00:00]} f5 {[%emt 0:00:00]} 3. e5 {[%emt 0:03:17]} e6 {[%emt 0:00:50]} 4. d4 {[%emt 0:01:40]} Be7 {[%emt 0:00:49]} 5. h4 {[%emt 0:01:56]} d6 {[%emt 0:19:29]} 6. Bb5 {[%emt 0:05:37]} a6 {[%emt 0:01:01]} 7. Bxc6+ {[%emt 0:00:51]} bxc6 {[%emt 0:00:40]} 8. Qe2 {[%emt 0:07:14]} d5 {[%emt 0:04:31]} 9. Be3 {[%emt 0:14:59]} Rb8 {[%emt 0:05:04]} 10. c4 {[%emt 0:04:15]} dxc4 {[%emt 0:04:07]} 11. Nc3 {[%emt 0:00:58]} Bb4 {[%emt 0:09:25]} 12. O-O {[%emt 0:12:10]} Bxc3 {[%emt 0:09:47]} 13. bxc3 {[%emt 0:00:06]} Qd5 {[%emt 0:02:24]} 14. Rab1 {[%emt 0:02:30]} Rb5 {[%emt 0:02:34]} 15. Nd2 {[%emt 0:03:52]} Ne7 {[%emt 0:01:06]} 16. Qh5+ {[%emt 0:10:00]} Ng6 {[%emt 0:05:09]} 17. Qg5 {[%emt 0:01:00]} Qd8 {[%emt 0:03:06]} 18. Qxd8+ {[%emt 0:01:51]} Kxd8 {[%emt 0:00:02]} 19. h5 {[%emt 0:00:48]} Ne7 {[%emt 0:03:15]} 20. Bg5 {[%emt 0:03:59]} Kd7 {[%emt 0:00:47]} 21. Bxe7 {[%emt 0:00:49]} Kxe7 {[%emt 0:00:14]} 22. a4 {[%emt 0:00:55]} Rxb1 {[%emt 0:03:47]} 23. Rxb1 {[%emt 0:00:16]} g5 {[%emt 0:00:34]} 24. hxg6 {[%emt 0:04:30]} hxg6 {[%emt 0:00:03]} 25. Nxc4 {[%emt 0:01:28]} g5 {[%emt 0:01:53]} 26. Na5 {[%emt 0:01:57]} Kd7 {[%emt 0:02:56]} 27. Nb3 {[%emt 0:00:18]} Ke7 {[%emt 0:07:04]} 28. Nc5 {[%emt 0:00:36]} Rd8 {[%emt 0:01:06]} 29. Rb8 {[%emt 0:00:59]} Re8 {[%emt 0:00:17]} 30. Ra8 {[%emt 0:00:54]} Rd8 {[%emt 0:00:56]} 31. Ra7 {[%emt 0:01:59]} Rd7 {[%emt 0:02:06]} 32. Nxa6 {[%emt 0:00:09]} Bxa6 {[%emt 0:01:07]} 33. Rxa6 {[%emt 0:00:05]} c5 {[%emt 0:00:13]} 34. Rc6 {[%emt 0:03:14]} cxd4 {[%emt 0:00:40]} 35. cxd4 {[%emt 0:00:33]} Rxd4 {[%emt 0:00:03]} 36. Rxc7+ {[%emt 0:01:37]} Kd8 {[%emt 0:00:34]} 37. Rc6 {[%emt 0:02:57]} Kd7 {[%emt 0:01:06]} 38. Rd6+ {[%emt 0:01:03]} Rxd6 {[%emt 0:00:20]} 39. exd6 {[%emt 0:00:06]} Kxd6 {[%emt 0:00:01]} 40. Kf1 {[%emt 0:00:00]} Kc5 {[%emt 0:00:00]} 41. Ke2 {[%emt 0:01:09]} Kb4 {[%emt 0:02:27]} 42. Kd3 {[%emt 0:01:14]} e5 {[%emt 0:04:51]} 43. f3 {[%emt 0:03:21]} Kxa4 {[%emt 0:01:09]} 44. Kc4 {[%emt 0:00:17]} e4 {[%emt 0:04:34]} 45. fxe4 {[%emt 0:01:14]} fxe4 {[%emt 0:00:19]} 46. Kd4 {[%emt 0:00:21]} Kb5 {[%emt 0:00:20]} 47. Kxe4 {[%emt 0:00:20]} Kc5 {[%emt 0:00:22]} 48. Kf5 {[%emt 0:00:13]} Kd6 {[%emt 0:00:14]} 49. Kxg5 {[%emt 0:00:19]} Ke7 {[%emt 0:00:10]} 50. Kg6 {[%emt 0:00:34]} Kf8 {[%emt 0:00:09]} 51. g4 {[%emt 0:02:15]} Kg8 {[%emt 0:00:07]} 52. g5 {[%emt 0:00:16]} Kh8 {[%emt 0:00:19]} 53. Kf7 {[%emt 0:00:09]} 1-0

[Event "FAI-ch Open 2021"]
[Site "Klaksvik"]
[Date "2021.03.31"]
[Round "5.7"]
[White "Hojgaard, Brandur"]
[Black "Rose, Kenneth T"]
[Result "1-0"]
[WhiteElo "1720"]
[BlackElo "1996"]
[Annotator "TA"]
[PlyCount "80"]
[EventDate "2021.03.27"]
[EventType "swiss"]
[EventCountry "FAI"]
[SourceTitle "playchess.com"]
[Source "ChessBase"]
[SourceQuality "1"]

{[%evp 11,80,-1,0,-17,-16,-16,-12,-12,-7,-20,8,-11,2,-62,-17,-27,0,0,0,0,0,0,10,-27,40,-19,-4,-19,0,-46,17,0,0,0,39,42,108,41,70,65,103,114,252,232,218,0,119,109,158,49,58,0,0,0,227,186,213,193,377,355,1358,440,407,0,294,291,304,288,456,0,1031]} 1. Nf3 e6 2. d4 d5 3. Bf4 Bd6 4. Bg3 Nf6 5. e3 O-O 6. Bd3 b6 7. Qe2 {D02: 1 d4 d5 2 Nf3 sidelines, including 2...Nf6 3 g3 and 2...Nf6 3 Bf4.} Bb7 8. Nbd2 c5 {Threatens to win with ...c4.} 9. c3 Ne4 10. Ne5 f6 11. Nef3 (11. Nec4 $5) 11... Qe7 {[#]} 12. Nh4 $146 (12. Bxd6 $11 Nxd6 13. dxc5 bxc5 14. e4) ({Predecessor:} 12. Bxd6 Qxd6 13. O-O Nxd2 14. Nxd2 e5 15. Qh5 e4 16. Bc2 Nd7 17. Rad1 c4 18. f3 {0-1 (45) Sukandar,I (2413)-Singgih,D (1972) chess.com INT 2020}) 12... g5 13. Nhf3 Nd7 14. Bc2 a5 15. Nxe4 dxe4 16. Nd2 f5 17. Qh5 g4 (17... Bxg3 $11 18. hxg3 a4) 18. Nc4 (18. Bxd6 $14 Qxd6 19. h3) 18... Bxg3 $11 19. hxg3 Bd5 20. Nd2 Qf7 (20... a4 $15) 21. Qg5+ Qg7 22. Qf4 e5 23. dxe5 Qxe5 (23... Nxe5 $14 24. Rh5 a4) 24. Qh6 (24. Rh5 $16) 24... Rf7 25. Ba4 Nf6 26. Bb5 Raa7 (26... Rg7 $16) 27. Nc4 $18 Qe6 {[#]} 28. Nd2 (28. O-O-O $1 $18) 28... Rg7 (28... Qe5 $1 $11) 29. Qf4 $36 {[%mdl 2048] Hoping for Qb8+. White is really pushing.} Ra8 30. Rh6 ({White should try} 30. c4 $16 Bc6 31. Bxc6 Qxc6 32. Qxf5) 30... Rg6 $14 31. Rxg6+ (31. Rh1 $14) 31... hxg6 $11 32. O-O-O Bc6 $2 (32... Bxa2 $11 {and Black has nothing to worry.} 33. Rh1 a4) 33. Bxc6 $18 Qxc6 34. Nc4 Ne8 (34... Nd5 35. Qe5 Rd8 36. Nxa5 bxa5) 35. Qh6 Rb8 $2 (35... Ra7 36. Nd6 Rg7) 36. Rh1 (36. Ne5 $142 {White threatens Rh1 and mate.} Qf6 {[#]} 37. Rd7 $1) 36... Qf6 37. Rd1 $2 (37. Qh7+ $18 Kf8 38. Qa7) 37... Qg7 $2 {[%mdl 8192]} (37... Qc6 $1 $11 38. Ne5 {[%mdl 64] Double Attack} Qf6) 38. Qf4 Rb7 39. Rd8 Kf7 (39... Qe7 {keeps fighting.} 40. Qd6 Kg7 41. Qxe7+ Rxe7 42. Nxb6 Nc7) 40. Rd1 $2 (40. Rc8 $18) 40... g5 $2 {[%mdl 8192] Weighted Error Value: White=0.53/Black=0.58} (40... Kg8 $11) 1-0

[Event "FAI-ch Open 2021"]
[Site "Klaksvik"]
[Date "2021.03.31"]
[Round "5.8"]
[White "Tidemann-Andersen, Leif"]
[Black "Bertholdsen, Bjarki"]
[Result "1-0"]
[WhiteElo "1661"]
[BlackElo "1353"]
[Annotator "NA RC"]
[PlyCount "81"]
[EventDate "2021.03.27"]
[EventType "swiss"]
[EventCountry "FAI"]
[SourceTitle "playchess.com"]
[Source "ChessBase"]
[SourceQuality "1"]
[TimeControl "40/5400+30:900+30"]

1. f4 {[%emt 0:01:47]} d5 {[%emt 0:00:09]} 2. e3 {[%emt 0:00:14]} c5 {[%emt 0:00:47]} 3. d4 {[%emt 0:00:33]} cxd4 {[%emt 0:04:12]} 4. exd4 {[%emt 0:00:10]} Nf6 {[%emt 0:01:07]} 5. Nf3 {[%emt 0:00:31]} Nc6 {[%emt 0:02:35]} 6. c3 {[%emt 0:00:09]} Bf5 {[%emt 0:03:42]} 7. Be2 {[%emt 0:00:11]} e6 {[%emt 0:02:31]} 8. O-O {[%emt 0:00:17]} Bd6 {[%emt 0:01:37]} 9. Ne5 {[%emt 0:00:35]} Rc8 {[%emt 0:06:07]} 10. Bh5 {[%emt 0:01:00]} O-O {[%emt 0:03:32]} 11. Nd2 {[%emt 0:01:58]} Ne4 {[%emt 0:07:46]} 12. Bf3 {[%emt 0:06:08]} Nxd2 {[%emt 0:01:32]} 13. Bxd2 {[%emt 0:01:16]} a6 {[%emt 0:07:47]} 14. Bg4 {[%emt 0:02:24]} Be4 {[%emt 0:02:39]} 15. Bf3 {[%emt 0:00:38]} f5 {[%emt 0:05:18]} 16. Be3 {[%emt 0:03:09]} Rf6 {[%emt 0:05:28]} 17. Bh5 {[%emt 0:07:03]} Qc7 {[%emt 0:07:35]} 18. Bf2 {[%emt 0:01:19]} g6 {[%emt 0:03:58]} 19. Bh4 {[%emt 0:02:54]} Rff8 {[%emt 0:01:46]} 20. Bf3 {[%emt 0:02:41]} Bxe5 {[%emt 0:03:02]} 21. fxe5 {[%emt 0:00:58]} Qb6 {[%emt 0:00:40]} 22. Bf6 {[%emt 0:00:34]} Qxb2 {[%emt 0:01:46]} 23. Bxe4 {[%emt 0:01:47]} fxe4 {[%emt 0:00:49]} 24. Qe1 {[%emt 0:00:18]} Nd8 {[%emt 0:01:23]} 25. Qh4 {[%emt 0:00:36]} Qxc3 {[%emt 0:01:54]} 26. Rab1 {[%emt 0:06:01]} Qxd4+ {[%emt 0:01:50]} 27. Kh1 {[%emt 0:00:44]} Qc4 {[%emt 0:00:58]} 28. h3 {[%emt 0:01:43]} b5 {[%emt 0:03:38]} 29. Kh2 {[%emt 0:05:09]} Nb7 {[%emt 0:03:50]} 30. Qg4 {[%emt 0:04:21]} e3 {[%emt 0:01:48]} 31. Qxe6+ {[%emt 0:00:42]} Rf7 {[%emt 0:00:25]} 32. Bg5 {[%emt 0:02:08]} d4 {[%emt 0:01:47]} 33. Qxc4 {[%emt 0:05:03]} Rxc4 {[%emt 0:00:12]} 34. Bh6 {[%emt 0:04:07]} Nc5 {[%emt 0:00:01]} 35. Rfc1 {[%emt 0:07:58]} Ne6 {[%emt 0:01:41]} 36. Rxc4 {[%emt 0:05:19]} bxc4 {[%emt 0:00:05]} 37. Rb8+ {[%emt 0:00:38]} Nf8 {[%emt 0:00:27]} 38. e6 {[%emt 0:00:33]} e2 {[%emt 0:01:06]} 39. e7 {[%emt 0:01:29]} e1=Q {[%emt 0:00:01]} 40. Rxf8+ {[%emt 0:00:00]} Rxf8 {[%emt 0:00:00]} 41. exf8=Q# 1-0